| 000 | nam a22 7a 4500 | ||
|---|---|---|---|
| 999 |
_c126409 _d126409 |
||
| 008 | 170411b xxu||||| |||| 00| 0 eng d | ||
| 050 | _aBX3756.K43 M3 | ||
| 100 |
_aMaxwell-Scott, Mary Monica _929828 |
||
| 245 |
_aHenry Schomberg Kerr _bSailor and Jesuit _cMary Monica Maxwell-Scott |
||
| 260 |
_aLondon _bLongmans, Green and Co. _c1901 |
||
| 300 |
_axi, 413p. ; _c20cm. |
||
| 600 |
_aKerr, Henry Schomberg _929829 |
||
| 942 |
_2lcc _cMONOGRAPH |
||